000 01206nam0a2200301 4500
001 RU\NLR\BIBL_A\011595756
005 20240921182031.0
010 _a9785906906243
_9300
021 _aRU
_b2017-96409
_96932
035 _a(RuMoRGB)009486091
035 _a(NLR Aleph) 011595756
090 _a10860484
_c10860484
100 _a20180116d2017 k y0rusy50 ca
101 0 _arus
102 _aRU
105 _ay zzzz0|||y
200 1 _aСнежные плесени :
_e(история изучения, возбудители, их биологические особенности)
_fО. Б. Ткаченко
_gРоссийская академия наук
210 _aМосква
_cРоссийская академия наук
_d2017
215 _a71 с.
_cил., табл., цв. ил.
_d24
320 _aБиблиогр.: с. 48-71
606 1 _aСнежная плесень
_xВозбудители
_92353428
_3RU\NLR\AUTH\6601628662
686 _aП478.139,0
_2rubbk
686 1 _aП478.13Снежная плесень
700 1 _aТкаченко
_bО. Б.
_gОлег Борисович
942 _cBOOK
980 _aNBR